Standing Committee on Human Rights (K) Seventh Report (Record no. 1764)
[ view plain ]
| 000 -LEADER | |
|---|---|
| fixed length control field | 00366nam a22001217a 4500 |
| 008 - FIXED-LENGTH DATA ELEMENTS--GENERAL INFORMATION | |
| fixed length control field | 230620b xxu||||| |||| 00| 0 eng d |
| 082 ## - DEWEY DECIMAL CLASSIFICATION NUMBER | |
| Classification number | 323.4 |
| Item number | CHR |
| 110 ## - MAIN ENTRY--CORPORATE NAME | |
| Subordinate unit | Standing Committee on Human Rights |
| 245 ## - TITLE STATEMENT | |
| Title | Standing Committee on Human Rights (K) Seventh Report |
| 260 ## - PUBLICATION, DISTRIBUTION, ETC. (IMPRINT) | |
| Place of publication, distribution, etc. | Kenya |
| Name of publisher, distributor, etc. | Standing Committee on Human Rights |
| Date of publication, distribution, etc. | May 2003 |
| 300 ## - PHYSICAL DESCRIPTION | |
| Extent | 61p |
| 942 ## - ADDED ENTRY ELEMENTS (KOHA) | |
| Source of classification or shelving scheme | Dewey Decimal Classification |
| Koha item type | Books |
| Withdrawn status | Lost status | Source of classification or shelving scheme | Damaged status | Not for loan | Home library | Current library | Date acquired | Total Checkouts | Full call number | Barcode | Date last seen | Price effective from | Koha item type |
|---|---|---|---|---|---|---|---|---|---|---|---|---|---|
| Dewey Decimal Classification | County Hall Archives | County Hall Archives | 06/20/2023 | 323.4 CHR | 10011107 | 06/20/2023 | 06/20/2023 | Books |
